Galinha cega (Record no. 184553)
[ view plain ]
| 000 -LÍDER | |
|---|---|
| campo de controle de tamanho fixo | 00327 a2200157 4500 |
| 001 - NÚMERO DE CONTROLE | |
| campo de controle | 184553 |
| 020 ## - ISBN - INTERNATIONAL STANDARD BOOK NUMBER | |
| ISBN - International Standard Book Number | 85-7338-785-8 |
| 040 ## - FONTE DA CATALOGAÇÃO | |
| Instituição que transcreveu o registro | Magnum |
| 100 ## - ENTRADA PRINCIPAL--NOME PESSOAL | |
| Nome pessoal | Alphonsus, João |
| 240 10 - TÍTULO UNIFORME | |
| Título uniforme | Galinha cega |
| Idioma da obra | por |
| 245 10 - TÍTULO | |
| Título | Galinha cega |
| 300 ## - DESCRIÇÃO FÍSICA | |
| Extensão | 39 |
| 362 0# - DATAS DE PUBLICAÇÃO E/OU DESIGNAÇÃO SEQUENCIAL | |
| Datas de publicação e/ou designação sequencial | 2003 |
| 697 ## - ENTRADA DE ASSUNTO LOCAL--ENTIDADE COLETIVA (RLIN) | |
| Nome corporativo ou nome da jurisdição | LITERATURA INFANTO-JUVENIL |
| 942 ## - ELEMENTOS DE ENTRADA ADICIONADOS (KOHA) | |
| Tipo de material Koha | Livros |
| Situação do descarte | Situação das perdas | Situação física | Não pode ser emprestado | Biblioteca de origem | Biblioteca atual | Data de aquisição | Total de empréstimos | Número de chamada completo | Código de barras | Data de último acesso | Data do preço efetivo | Tipo de material Koha | Fonte da classificação ou esquema de arquivamento na estante | Nota pública |
|---|---|---|---|---|---|---|---|---|---|---|---|---|---|---|
| Magnum | Magnum | 08/06/2024 | 869.2.191 | MAG00044233 | 08/06/2024 | 08/06/2024 | Livros | |||||||
| Magnum | Magnum | 08/06/2024 | 869.2.191 | MAG00044234 | 08/06/2024 | 08/06/2024 | Livros | |||||||
| Novo Tempo - Aureliano São José | Novo Tempo - Aureliano São José | 03/07/2024 | if488 | 03/07/2024 | 03/07/2024 | Livros | Classificação Decimal de Dewey | G |